| 000 | 00810cam a22002777a 4500 | ||
|---|---|---|---|
| 003 | CHAP | ||
| 005 | 20220817043829.0 | ||
| 008 | 020404d1999 uk a r 00110 eng d | ||
| 010 | _a85569 | ||
| 011 | _a86541 | ||
| 020 | _a0 85236 525 X | ||
| 035 | _a97080 | ||
| 040 | _cCHAP | ||
| 082 | 0 | 4 |
_a631.372 _bB45 |
| 100 | 0 | 0 | _aBell, Brian. |
| 245 | 1 | 0 |
_aFifty years of farm tractors _c/by Brian Bell |
| 260 |
_aMiller Freeman, United Kingdom _bFarming Press, _c1999. |
||
| 300 |
_a250 p. : _bilus. |
||
| 590 |
_aBATCH-UPD _b10 _c20130110 _lUCH01 _h0829 |
||
| 590 |
_aCONVERSION _b10 _c20130109 _lUCH01 _h1348 |
||
| 650 | 1 | 4 |
_aTractores _xHistoria. _9114579 |
| 901 | _aBK | ||
| 905 | _aMayto Villalobos S. | ||
| 942 | _cLIBRO | ||
| 949 |
_a631.372 B45 _bBC _cLIBRO _d33724000865705 _eLIBRO _h102251 _i97080 _si _t$409.00 |
||
| 999 |
_c85569 _d85569 |
||